| 000 | 00501nam a22001817a 4500 | ||
|---|---|---|---|
| 003 | OSt | ||
| 005 | 20250708064544.0 | ||
| 008 | 250708b |||||||| |||| 00| 0 eng d | ||
| 020 | _a0809429004 | ||
| 040 |
_aDWCL - Main lib _cOC |
||
| 082 | _aCirc. 641.815 B828 1981 | ||
| 245 | _aBread/ | ||
| 260 |
_aVirginia : _billustrations (color) ; _c 28 cm. |
||
| 300 |
_a176 pages : _b illustrations (color) ; _c28 cm. |
||
| 504 | _aIncludes index. | ||
| 650 | _a1. Bread. | ||
| 942 |
_2ddc _cBK-CIRC _kCirc. _n0 |
||
| 999 |
_c3469 _d3469 |
||